[Event "London"]
[Site "Chess Classic 4"]
[Date "2012.12.06"]
[Round "5"]
[White "Polgar, Judit"]
[Black "Nakamura, Hikaru"]
[Result "0-1"]
[WhiteElo "2705"]
[BlackElo "2760"]
[Annotator "JvR"]
[PlyCount "94"]
[EventDate "2012.12.01"]
[SourceDate "1999.07.01"]

1. e4 e5 2. Nf3 Nc6 3. Bb5 a6 4. Ba4 Nf6 5. O-O b5 6. Bb3 Bc5 7. a4 Rb8 8. axb5
axb5 9. Nxe5 Nxe5 10. d4 Bxd4 11. Qxd4 d6 12. f4 Nc6 13. Qc3 Ne7 14. Nd2 O-O
15. e5 Nfd5 16. Bxd5 $5 ({Known is} 16. Qf3) 16... Nxd5 17. Qd4 Bb7 18. Ne4 f5
19. Ng5 Qd7 20. Nf3 Ra8 21. Bd2 c5 22. Qd3 c4 23. Qd4 dxe5 24. Nxe5 Qc7 {
The chances are equal.} 25. Rfd1 h6 26. Be1 Rfe8 27. Bd2 Red8 28. Rxa8 Rxa8 29.
h3 Ra2 $1 30. Rb1 $6 (30. Bc3 $1 b4 31. Be1 Kh7 32. Qxc4 Qxc4 33. Nxc4 Nxf4 {
exchanges.}) 30... Nf6 31. Bb4 $2 Be4 $1 32. Re1 Bxc2 {Black has gained a pawn.
} 33. g4 Qa7 34. Qxa7 Rxa7 35. Nc6 Ra6 36. Ne7+ Kf7 37. g5 hxg5 38. fxg5 Ne4
39. Nxf5 Nxg5 40. Re7+ Kg6 41. Nd4 Bd3 42. Rb7 Nxh3+ 43. Kh2 Ng5 44. Nxb5 Rf6
45. Bc5 Rf4 46. Nc3 $2 (46. Be3 Rh4+ 47. Kg1 Rg4+ 48. Kf2 Ne4+ 49. Kf3 {
defends properly.}) 46... Rg4 $1 47. Nd1 Bf1 {White will be mated soon.} 0-1

[Event "London"]
[Site "Chess Classic 4"]
[Date "2012.12.07"]
[Round "6"]
[White "Anand, Viswanathan"]
[Black "Adams, Michael"]
[Result "0-1"]
[WhiteElo "2775"]
[BlackElo "2710"]
[Annotator "JvR"]
[PlyCount "84"]
[EventDate "2012.12.01"]
[SourceDate "1999.07.01"]

1. c4 e5 2. Nc3 Nf6 3. Nf3 Nc6 4. g3 g6 5. d4 exd4 6. Nxd4 Bg7 7. Bg2 O-O 8.
O-O Re8 9. Nc2 d6 10. Bd2 a6 $5 (10... Ne5 11. b3 c6 {
drew in Spassky - Bacrot, Cannes 1998.}) 11. Rc1 Ne5 12. b3 c6 13. Be3 Nfg4 14.
Bd4 c5 $1 15. Bxe5 Bxe5 16. Nd5 Rb8 17. h3 Nf6 18. Nce3 Nxd5 19. Nxd5 Qa5 20.
Rc2 Bf5 21. Qd2 $1 Qd8 $1 22. Rcc1 b5 {Black has the initiative.} 23. cxb5 axb5
24. Rfd1 h5 25. h4 Bg4 26. Ne3 Bd7 27. Bf3 Bd4 28. Nd5 b4 29. Rc4 Be5 30. Kg2
Ra8 31. Ne3 Ra7 32. Rcc1 Qe7 33. Nc4 Be6 34. Rc2 Bf5 35. e4 Be6 36. Nxe5 dxe5
37. Qe3 Ra5 38. Be2 Rd8 39. Rxd8+ Qxd8 40. Rxc5 Rxa2 41. Bc4 $4 ({Correct is} 
41. Rxe5 Qd2 42. Qxd2 Rxd2 43. Bc4 Bxc4 44. bxc4) 41... Qd1 $1 42. Qh6 Bh3+ $1
{The world champion will be mated.} 0-1

[Event "London"]
[Site "Chess Classic 4"]
[Date "2012.12.07"]
[Round "6"]
[White "Carlsen, Magnus"]
[Black "Polgar, Judit"]
[Result "1-0"]
[WhiteElo "2848"]
[BlackElo "2705"]
[Annotator "JvR"]
[PlyCount "105"]
[EventDate "2012.12.01"]
[SourceDate "1999.07.01"]

1. c4 c5 2. Nf3 Nc6 3. d4 cxd4 4. Nxd4 Nf6 5. Nc3 e6 6. a3 Bc5 7. Nb3 Be7 8. e4
O-O 9. Be2 b6 10. O-O Bb7 11. Bf4 d6 12. Rc1 Rc8 13. Re1 Ne5 14. Nd2 Nfd7 15.
Be3 $5 Qc7 16. b4 Qb8 17. f4 Ng6 18. g3 Rfe8 19. Bf3 Qa8 20. Bf2 Ngf8 21. Qe2
Qb8 22. Red1 g6 $2 {
Judit weakens her position. A waiting move would have been better.} 23. e5 $1
Bc6 ({The pointe is} 23... dxe5 24. fxe5 Bxf3 25. Nxf3 {
and pawn e5 is protected.}) 24. Bd4 Red8 25. Bxc6 Rxc6 26. Nf3 dxe5 27. fxe5
Rdc8 $5 28. Ne4 $1 Qc7 29. Nfd2 a6 30. Nf2 Bg5 31. Rf1 $1 Bxd2 32. Qxd2 Nxe5
33. Bxe5 Qxe5 34. Ng4 $1 {White strikes.} Rd6 35. Nh6+ Kg7 36. Rxf7+ Kh8 37.
Qf2 Qd4 38. c5 $5 bxc5 39. Qxd4+ $1 Rxd4 40. Rxc5 Rcd8 ({Or} 40... Rxc5 41.
bxc5 e5 $1 42. c6 $1 Rc4 43. Ng4 $1 {and White wins.}) 41. Rcc7 Rd1+ 42. Kg2
R1d2+ 43. Kh3 R2d5 44. Ng4 Rh5+ 45. Kg2 Rd2+ 46. Kf3 Rf5+ 47. Ke3 Rxf7 48. Rxf7
Rd8 49. Nf6 Rb8 50. Kf4 h6 51. Ke5 a5 $5 52. bxa5 Ra8 53. a6 $1 {
Carlsen increased his lead.} 1-0

[Event "London"]
[Site "Chess Classic 4"]
[Date "2012.12.07"]
[Round "6"]
[White "McShane, Luke"]
[Black "Jones, Gawain"]
[Result "1-0"]
[WhiteElo "2713"]
[BlackElo "2644"]
[Annotator "JvR"]
[PlyCount "117"]
[EventDate "2012.12.01"]
[SourceDate "1999.07.01"]

1. c4 c5 2. g3 Nc6 3. Bg2 g6 4. Nf3 Bg7 5. Nc3 e5 6. O-O Nge7 7. a3 O-O 8. d3
d6 9. Rb1 a5 10. Ne1 Be6 11. Nc2 d5 12. cxd5 Nxd5 13. Ne3 Nde7 14. Nc4 Rb8 15.
Bg5 f6 16. Be3 b6 17. f4 f5 $5 18. fxe5 Nxe5 19. Bf4 Nxc4 $1 ({
The alternative is} 19... Bxc4 20. dxc4 Qxd1 21. Rfxd1 Bf6) 20. dxc4 Bxc4 21.
Bxb8 Qxb8 {Black has a sufficient compensation for the exchange.} 22. Qa4 Be6
23. Rbd1 Qe5 $6 ({Preferable is} 23... Be5 $1) 24. Kh1 c4 25. e4 $1 {
White opens files for his rooks.} Qc5 26. Rde1 Bd4 27. Qd1 Rd8 $2 (27... Bf7 {
defends properly.}) 28. exf5 $1 Bxf5 29. Qe2 $1 Nc8 30. g4 $1 Bd3 31. Qe6+ Kh8
32. Rf7 {White attacks.} Nd6 33. Rd7 Rxd7 34. Qxd7 Bf6 35. Nd1 $5 (35. Re6 $1
Qg5 36. Na2 {wins quickly.}) 35... Qd4 $1 36. g5 Bf5 37. Re8+ $1 Nxe8 38. Qxe8+
Kg7 39. gxf6+ Qxf6 40. Qe3 $5 Bd7 41. Kg1 b5 42. Qa7 Qd6 43. Nf2 Qd2 44. Bh3 $1
Qg5+ 45. Bg4 h5 46. Qxd7+ Kh6 47. Qd4 Kh7 48. h4 Qxh4 49. Qa7+ Kh6 50. Qe3+ Kh7
51. Bd7 b4 52. axb4 axb4 53. Bb5 c3 54. bxc3 bxc3 55. Bd3 Qd8 56. Qc5 Qh4 57.
Qxc3 Qg3+ 58. Kf1 h4 59. Qc8 {Jones should have kept his position closed.} 1-0

[Event "London"]
[Site "Chess Classic 4"]
[Date "2012.12.09"]
[Round "8"]
[White "Kramnik, Vladimir"]
[Black "Jones, Gawain"]
[Result "1-0"]
[WhiteElo "2795"]
[BlackElo "2644"]
[Annotator "JvR"]
[PlyCount "97"]
[EventDate "2012.12.01"]
[SourceDate "1999.07.01"]

1. Nf3 c5 2. b3 d5 3. e3 Nf6 4. Bb2 e6 5. g3 Nc6 6. Bg2 Be7 7. O-O O-O 8. c4 b6
9. Nc3 Bb7 10. cxd5 exd5 11. d4 Ne4 12. dxc5 Nxc3 13. Bxc3 bxc5 14. Qe2 Re8 $5
15. Rfd1 $1 {White puts pressure on the hanging pawns.} Bf8 $6 ({Preferable is
} 15... Qd6 $1 16. Rac1 Rad8) 16. Qb5 Qb6 $2 (16... Rb8 {
avoids the following tactics.}) 17. Qxb6 axb6 18. Rxd5 $1 Nd4 $1 19. Nxd4 $1
Bxd5 20. Bxd5 cxd4 21. Bxd4 {
Kramnik has given a rook for a bishop and two pawns. He controls the centre.}
Ra5 $5 22. e4 $1 Bc5 23. Bc3 Ra3 24. Bb2 Ra7 25. a4 Rc7 26. Ra2 h6 27. Kg2 Kh7
28. f4 f6 29. Kf3 {Vladimir occupies the central area.} Rd7 30. a5 {
A dangerous pawn is created.} bxa5 31. Rxa5 Rc8 32. Rb5 Rd6 $5 33. Rb7 $5 Rb6
34. Rf7 $1 Rf8 $2 ({Correct is} 34... Rd8 $1 35. Rc7 Bd6) 35. Rc7 $1 Bd6 36.
Rd7 $1 Ra6 37. Bd4 $1 Bb8 38. Bc5 Re8 39. Kg4 Ra2 40. h4 Rc8 41. b4 $1 Ra3 42.
h5 $1 Rc3 43. Bd4 R3c7 44. Rxc7 Bxc7 45. Kf5 $1 Bd6 46. b5 Rc1 47. b6 {
The past pawn becomes too strong.} Bb8 48. Ke6 Rh1 49. Bc5 {
Kramnik neared the leader Carlsen.} 1-0

[Event "London"]
[Site "Chess Classic 4"]
[Date "2012.12.09"]
[Round "8"]
[White "McShane, Luke"]
[Black "Polgar, Judit"]
[Result "0-1"]
[WhiteElo "2713"]
[BlackElo "2705"]
[Annotator "JvR"]
[PlyCount "66"]
[EventDate "2012.12.01"]
[SourceDate "1999.07.01"]

1. c4 g6 2. g3 Bg7 3. Bg2 c5 4. Nc3 Nc6 5. Nf3 b6 6. O-O Bb7 7. d3 Nf6 8. Bg5
h6 9. Bd2 d5 $5 10. Qc1 $5 Rc8 11. Rb1 Qd7 12. b3 d4 $1 13. Nb5 h5 14. b4 $6 ({
Preferable is} 14. Qe1 $1 a6 15. Na3) 14... cxb4 15. Bxb4 a6 16. Na3 Nxb4 17.
Rxb4 Nd5 $1 18. Rb3 Nc3 $1 {Judit attacks.} 19. Qd2 Bxf3 $5 20. Bxf3 h4 21. g4
$5 b5 22. h3 $2 ({Better is} 22. e3 $1 f5 23. h3) 22... O-O $1 23. cxb5 axb5
24. Nc2 Rc5 25. Ne1 $6 {McShane defends passively.} Bf6 26. Ng2 Bg5 $1 27. Qb2
Rfc8 28. Kh1 Qd6 29. Ra3 Na4 $1 30. Rxa4 bxa4 31. Ne1 Rc1 32. Qb7 Rb8 33. Qa7
Bd2 {Polgar crushed the resistance at all fronts at the end.} 0-1

[Event "London"]
[Site "Chess Classic 4"]
[Date "2012.12.10"]
[Round "9"]
[White "Carlsen, Magnus"]
[Black "Anand, Viswanathan"]
[Result "1/2-1/2"]
[WhiteElo "2848"]
[BlackElo "2775"]
[Annotator "JvR"]
[PlyCount "121"]
[EventDate "2012.12.01"]
[SourceDate "1999.07.01"]

{Kramnik needed a win in the last round, but he could not gain an advantage
against Adams. Carlsen encountered the world champion.} 1. e4 e5 2. Nf3 Nc6 3.
Bb5 Nf6 4. d3 Bc5 5. Nc3 d6 6. Na4 Bb6 7. Nxb6 axb6 8. c3 Bd7 9. Ba4 Ne7 10.
Bc2 Ng6 11. h3 O-O 12. O-O h6 13. Re1 Re8 14. d4 Bc6 15. dxe5 dxe5 16. Qxd8
Rexd8 $5 17. g3 Nd7 18. Be3 Nc5 19. Nd2 Nf8 20. f3 Nfe6 21. h4 Bb5 22. a3 Rd7
$5 23. b4 Nd3 $5 24. Reb1 Ba4 25. Bxa4 Rxa4 {
Anand has the initiative on the queenside.} 26. Kf1 b5 27. Ke2 Ra6 28. h5 c5 $6
{Black gives a pawn.} ({Preferable is} 28... Kf8) 29. bxc5 Ndxc5 30. Rxb5 Na4
31. Rc1 Rc7 32. Nb1 {White protects his extra pawn.} f6 33. c4 b6 34. Rd5 Nac5
35. Rc2 Rc6 36. Rb2 Kh7 37. Rb4 g6 $5 38. hxg6+ Kxg6 39. Rd2 h5 40. Nc3 $5 {
Magnus goes forwards and returns the pawn.} Rxa3 41. Nd5 Kf7 42. Nxb6 Nb3 $1
43. Rd7+ Ke8 44. Rb7 Nbd4+ 45. Bxd4 Nxd4+ 46. Kd1 Kd8 $6 {
Vishy plays a doubtful move after a long contemplation time.} (46... Ra1+ 47.
Kd2 Nxf3+ 48. Kc3 Kf8 {brings little advantage for White.}) 47. Rd7+ $6 ({
Better is} 47. Kc1 $1 Nxf3 48. Rg7 $1 Ne1 49. Rb5 Nd3+ 50. Kc2 Nf2 $1 51. Nd5
Kc8 52. Kb2 $1 {and White attacks.}) 47... Ke8 48. Rb7 Kd8 $5 49. Nd5 $5 Ra1+
50. Kd2 Ra2+ 51. Rb2 Rxb2+ 52. Rxb2 Nxf3+ 53. Kd3 Ng5 54. Rb8+ Kd7 55. Rb7+ Kd6
$1 56. Nxf6 Ra6 {Black has a sufficient compensation for the pawn.} 57. Ne8+
Kc5 58. Rc7+ Kb4 59. Rb7+ Kc5 60. Rc7+ Kb4 61. Rb7+ {
Carlsen won the tournament and reached a record rating of 2861.} 1/2-1/2

[Event "London"]
[Site "Chess Classic 4"]
[Date "2012.12.10"]
[Round "9"]
[White "Nakamura, Hikaru"]
[Black "McShane, Luke"]
[Result "1-0"]
[WhiteElo "2760"]
[BlackElo "2713"]
[Annotator "JvR"]
[PlyCount "65"]
[EventDate "2012.12.01"]
[SourceDate "1999.07.01"]

1. d4 d5 2. c4 c6 3. Nf3 Nf6 4. Nc3 a6 5. c5 Nbd7 6. g3 g6 7. Bg2 Bg7 8. O-O
O-O 9. Qc2 Re8 10. Rd1 e5 11. dxe5 Nxe5 $5 12. Nxe5 Rxe5 13. e4 $1 Bg4 14. f3
Bd7 15. Bf4 Re8 16. Na4 a5 $5 17. Nb6 Ra6 18. Qf2 Be6 19. Bf1 Rxb6 $5 20. cxb6
Qe7 21. Be3 Nd7 22. Bd4 dxe4 23. fxe4 Bxd4 24. Rxd4 Nxb6 25. b3 Nd7 26. Rad1
Ne5 27. h3 h5 28. Bg2 Kh7 29. Qf4 Bd7 30. Kh2 c5 31. Rd6 a4 32. R1d5 Kg7 $4 {
Black misses the threat.} ({Correct is} 32... Bc6 $1 33. Rd1 axb3 34. axb3 b5)
33. Qxe5+ $1 {White gains a piece. The final standings became: Carlsen 18/8,
Kramnik 16, Nakamura and Adams 13, Anand 9, Aronian 8, Polgar 6, McShane 5,
Jones 3.} 1-0

[Event "London Classic 5 KO"]
[Site "London"]
[Date "2013.12.14"]
[Round "1.1"]
[White "Adams, Michael"]
[Black "Svidler, Peter"]
[Result "1-0"]
[WhiteElo "2754"]
[BlackElo "2758"]
[Annotator "JvR"]
[PlyCount "83"]
[EventDate "2013.12.14"]
[EventType "rapid"]
[SourceDate "1999.07.01"]

{The fifth London Classic was played from 11 until 15 xii 2013. Sixteen
grandmasters participated in four groups. Six rapid games were carried out in
three gays. Qualifiers became Adams and Anand in Group A, Svidler and Kramnik
in Group B, Nakamura and Gelfand in Group C plus Caruana and Short in Group D.
Four quarter final matches of two rapid games happened in one day. The time
control was 25 minutes per game plus 10 seconds per move.} 1. e4 c5 2. Nf3 e6
3. g3 Nc6 4. Bg2 Nf6 5. Qe2 d5 6. d3 g6 7. e5 Nd7 8. c4 $5 Bg7 9. Bf4 Qa5+ 10.
Nbd2 dxc4 $6 (10... O-O 11. O-O Re8 {keeps the equality.}) 11. dxc4 h6 12. h4
Nd4 13. Nxd4 cxd4 14. O-O Bxe5 $6 ({Preferable is} 14... g5 15. hxg5 hxg5 16.
Bxg5 Qxe5) 15. Nb3 $1 Qc7 16. Bxe5 Qxe5 17. Qd2 $1 {White has the initiative.}
Qd6 18. Rfe1 Kf8 19. Nxd4 e5 20. Nb3 Qxd2 21. Nxd2 a5 $5 22. Rad1 Ra6 23. Bh3
Kg7 24. Nf3 Nc5 25. Bxc8 Rxc8 26. Rxe5 {Adams has gained a pawn.} Rb6 27. Rdd5
Ne6 28. b3 a4 $1 29. Rb5 Rcc6 30. Kg2 axb3 31. axb3 Nc7 32. Rxb6 Rxb6 33. Nd4
Kf6 34. Re3 Rd6 35. Ne2 b5 $5 36. Nc3 $1 {He threatens a fork.} Rd4 37. Nxb5 $5
Nxb5 38. cxb5 Rb4 39. Kf3 Kf5 40. Ke2 Kg4 41. Kd3 $1 g5 $2 42. Re4+ $1 {
Adams exchanges the rooks and wins the pawn ending.} 1-0

[Event "London Classic 5 KO"]
[Site "London"]
[Date "2013.12.14"]
[Round "1.1"]
[White "Short, Nigel"]
[Black "Nakamura, Hikaru"]
[Result "0-1"]
[WhiteElo "2683"]
[BlackElo "2786"]
[Annotator "JvR"]
[PlyCount "120"]
[EventDate "2013.12.14"]
[EventType "rapid"]
[SourceDate "1999.07.01"]

1. e4 c5 2. Nc3 Nc6 3. g3 g6 4. Bg2 Bg7 5. d3 d6 6. Nge2 Rb8 7. a3 b5 8. O-O e6
9. Be3 b4 $5 10. axb4 cxb4 11. Na4 Nge7 12. Qd2 O-O 13. Bh6 Bxh6 14. Qxh6 a5
15. b3 Kh8 16. Ra2 $5 e5 17. Qe3 Qc7 18. Nb2 Bg4 19. f3 Be6 20. Nc4 d5 $5 21.
exd5 Nxd5 22. Qc5 Rfc8 23. Re1 Qd8 24. Qf2 Nc3 $5 25. Nxc3 Bxc4 26. bxc4 bxc3
27. Ra3 Rb2 28. Rxc3 Qd4 $1 29. Qxd4 Nxd4 $5 ({The alternative is} 29... exd4
30. Ra3 Rxc2) 30. Rxe5 a4 $1 31. f4 $2 ({Better is} 31. Ra3 Rxc2 32. Re1) 31...
Nb5 $2 (31... f6 $1 32. Re4 Nb5 $1 {wins an exchange.}) 32. Rxb5 Rxb5 33. Ra3
$2 (33. Kf2 Rb2 34. Ke3 {achieves a plus.}) 33... Rb2 34. Rxa4 Rxc2 35. Bd5 Rb8
36. Ra8 Rxa8 37. Bxa8 Rd2 38. Be4 f5 $1 39. Bg2 Rxd3 40. c5 Rc3 41. c6 Rc1+ 42.
Kf2 Rc2+ 43. Kg1 Kg7 44. Bf3 Kf6 45. h4 Ke6 46. Kf1 Kd6 47. Ke1 Kc5 48. Kf1 Kd4
49. Kg1 Ke3 50. Bd5 Rc5 $1 51. c7 Rxc7 52. Ba8 h6 53. Kg2 Rg7 54. Bd5 g5 55.
hxg5 hxg5 56. fxg5 Rxg5 57. Bf3 f4 $1 58. g4 Rc5 59. Bb7 Rc2+ 60. Kh3 f3 {
Nakamura drew the second game and qualified.} 0-1

[Event "London Classic 5 KO"]
[Site "London"]
[Date "2013.12.14"]
[Round "1.2"]
[White "Anand, Viswanathan"]
[Black "Kramnik, Vladimir"]
[Result "0-1"]
[WhiteElo "2773"]
[BlackElo "2793"]
[Annotator "JvR"]
[PlyCount "54"]
[EventDate "2013.12.14"]
[EventType "rapid"]
[SourceDate "1999.07.01"]

{The first game between Kramnik and Anand was drawn.} 1. Nf3 d5 2. c4 e6 3. d4
Nf6 4. Nc3 c5 5. e3 Nc6 6. a3 a6 7. dxc5 Bxc5 8. b4 Bd6 9. Bb2 O-O 10. Qc2 Qe7
11. Rd1 Rd8 12. Be2 dxc4 13. Bxc4 b5 14. Bd3 Bb7 15. Ne4 Nxe4 16. Bxe4 Rac8 17.
Qb1 $2 (17. Bxh7+ Kh8 18. Qb1 Nxb4 $1 19. axb4 Bxb4+ 20. Ke2 f5 21. Bxf5 $1
exf5 22. Qxf5 {happened in Fuller - Lindberg, Copenhagen 1984.}) 17... f5 $1 {
Black needs no sacrifice for the advantage.} 18. Bd3 a5 $1 19. bxa5 Nxa5 20.
O-O ({Or} 20. Bxb5 Bb4+ $1 21. Ke2 Bxa3) 20... Nc4 $1 21. Be2 $5 Be4 22. Qa1
Nxb2 23. Qxb2 b4 $1 24. axb4 Rc2 $1 25. Qb3 Rxe2 26. Nd4 Bd5 $1 27. Qd3 Qh4 $1
{Kramnik qualified.} 0-1

[Event "London Classic 5 KO"]
[Site "London"]
[Date "2013.12.14"]
[Round "1.2"]
[White "Svidler, Peter"]
[Black "Adams, Michael"]
[Result "1-0"]
[WhiteElo "2758"]
[BlackElo "2754"]
[Annotator "JvR"]
[PlyCount "95"]
[EventDate "2013.12.14"]
[EventType "rapid"]
[SourceDate "1999.07.01"]

1. g3 e5 2. c4 Nf6 3. Bg2 c6 4. Nf3 e4 5. Nd4 d5 6. cxd5 Qxd5 7. Nc2 Qh5 8. h3
Na6 9. Nc3 Qg6 10. Ne3 Bc5 11. Qa4 b5 12. Qc2 $1 (12. Qd1 O-O 13. O-O {
was played in Leko - Svidler, Monte Carlo 2005.}) 12... Nb4 13. Qb1 $1 Bxe3 $2
(13... O-O $1 14. Nxe4 Nxe4 15. Qxe4 Qxe4 16. Bxe4 f5 17. Bb1 Be6 {
brings chances for both sides.}) 14. dxe3 Bf5 15. a4 bxa4 16. Nxa4 O-O 17. Bd2
Nfd5 18. Nc5 Rfe8 19. Qc1 a5 20. O-O h5 21. Kh2 Qd6 22. Kg1 h4 23. g4 Bg6 24.
Bxb4 Nxb4 25. Rd1 Qe5 $5 26. Rd4 $1 Rad8 27. Rc4 f5 $2 (27... Rd5 28. Nxe4 Red8
29. f4 Qc7 {offers more resistance.}) 28. gxf5 Qxf5 29. Rxa5 {
Svidler gains a pawn.} Rf8 30. Qe1 $5 Rd5 31. Rxb4 Rxc5 32. Rxc5 Qxc5 33. Bxe4
{A second pawn falls.} Qg5+ 34. Bg2 Bf5 35. Qc3 $5 Bxh3 $1 36. Qxc6 Bxg2 37.
Qxg2 Qxg2+ 38. Kxg2 h3+ $1 39. Kg3 h2 40. Rh4 $1 {The rook ending is won.} Rb8
41. Rxh2 Rxb2 42. f3 Kf7 43. e4 Kf6 44. e3 Rb3 45. Kf4 g5+ 46. Kg4 Rxe3 47.
Rh6+ Ke5 48. Rg6 {Svidler equalised the standings in the quarter final.} 1-0

[Event "London Classic 5 KO"]
[Site "London"]
[Date "2013.12.14"]
[Round "1.3"]
[White "Adams, Michael"]
[Black "Svidler, Peter"]
[Result "1-0"]
[WhiteElo "2754"]
[BlackElo "2758"]
[Annotator "JvR"]
[PlyCount "51"]
[EventDate "2013.12.14"]
[EventType "rapid"]
[SourceDate "1999.07.01"]

1. e4 c5 2. Nf3 d6 3. d4 cxd4 4. Nxd4 Nf6 5. Nc3 a6 6. Be3 e5 7. Nf3 Qc7 8. a4
Be6 9. Be2 h6 10. O-O Nbd7 11. h3 Be7 12. Nh2 O-O 13. Ng4 $5 Qc6 14. Qd3 Rfc8
15. Rfd1 Rab8 16. a5 Nc5 $2 ({Correct is} 16... Nh7) 17. Nxf6+ $1 Bxf6 (17...
gxf6 18. Bxc5 Qxc5 19. Bg4 {leads to a positional disaster for Black.}) 18.
Qxd6 Qxd6 19. Rxd6 {White has gained a pawn.} Be7 20. Rd2 Bg5 21. Bxg5 hxg5 22.
Bg4 b5 $5 23. axb6 Rxb6 24. Nd5 $1 Rb7 25. f3 Rcb8 $5 26. b4 $1 {Svidler lost
the fourth game by a poor treatment of the opening. So Adams qualified.} 1-0

[Event "London Classic 5 KO"]
[Site "London"]
[Date "2013.12.14"]
[Round "1.4"]
[White "Gelfand, Boris"]
[Black "Caruana, Fabiano"]
[Result "1-0"]
[WhiteElo "2777"]
[BlackElo "2782"]
[Annotator "JvR"]
[PlyCount "85"]
[EventDate "2013.12.14"]
[EventType "rapid"]
[SourceDate "1999.07.01"]

{Gelfand and Caruana had drawn game one and two. Caruana blundered in the
third game.} 1. d4 f5 2. Nc3 Nf6 3. Bg5 d5 4. e3 e6 5. Nf3 c5 6. Bb5+ Bd7 7.
Bxf6 $5 gxf6 8. Ne5 $1 {Gelfand makes a smart move.} h5 $5 {
Caruana has to make an inferior move, if he wants to continue the game.} (8...
fxe5 9. Qh5+ Ke7 10. Qg5+ Ke8 11. Qh5+ {
draws by perpetual check and Gelfand wins the match.}) 9. Ng6 $1 Rh7 10. Nxf8
Kxf8 11. O-O Nc6 12. dxc5 Qe7 13. Bxc6 Bxc6 14. b4 {
White has won a pawn temporarily.} b6 15. Ne2 bxc5 16. Nf4 Kf7 $1 17. bxc5 Rg8
$1 18. Qd3 Rhg7 {Black has a plus.} 19. g3 Qxc5 20. Nxh5 $6 Rh7 $1 21. Nf4 Bb5
22. c4 $1 Bxc4 $5 23. Rfc1 Rc8 24. Qc2 Qc6 25. Rab1 Kg8 26. Qd2 Rhc7 27. Rb2 e5
28. Ng2 Qe6 29. Rbc2 Rh7 30. f4 Kf7 31. Qb4 Rch8 32. Nh4 exf4 $2 {
A dangerous attack is allowed.} ({Better is} 32... Re8) 33. Qb7+ $1 Kg8 34.
Qb8+ Kf7 35. Qc7+ Ke8 36. Qb8+ Kd7 $5 37. Qxa7+ $5 Kc6 $2 {
He avoids perpetual check but will be mated.} 38. Rxc4+ $1 dxc4 39. Qa6+ Kd7
40. Rd1+ Ke7 41. Qb7+ Ke8 42. Qb8+ Kf7 43. Qc7+ {
Gelfand won again and became the fourth qualifier for the semi finals.} 1-0

[Event "London Classic 5 KO"]
[Site "London"]
[Date "2013.12.15"]
[Round "2.1"]
[White "Gelfand, Boris"]
[Black "Adams, Michael"]
[Result "1-0"]
[WhiteElo "2777"]
[BlackElo "2754"]
[Annotator "JvR"]
[PlyCount "107"]
[EventDate "2013.12.14"]
[EventType "rapid"]
[SourceDate "1999.07.01"]

{The semi finals and final were played on the last day.} 1. d4 Nf6 2. c4 e6 3.
Nf3 d5 4. Nc3 Be7 5. g3 dxc4 6. Bg2 O-O 7. Ne5 c5 8. dxc5 Qxd1+ 9. Nxd1 Bxc5
10. Ne3 c3 $5 11. bxc3 Nbd7 12. Nd3 Rb8 13. Nc4 b6 14. Nxc5 Nxc5 15. Ba3 Ba6
16. Ne5 Rfc8 17. Nc6 Rb7 18. Bxc5 $5 bxc5 19. Ne5 $6 ({Preferable is} 19. c4 $5
) 19... Rb2 $1 20. c4 h5 21. Bf3 Ng4 22. Nc6 Rc7 23. h3 Nf6 24. Ne5 $1 Nd7 $2 {
He expects to gain pawn c4.} 25. O-O-O $3 {
White wins material in a brilliant way.} Nxe5 26. Kxb2 Nxf3 27. exf3 Bxc4 {
Gelfand has gained an exchange, but Adams has compensation.} 28. Rd8+ Kh7 29.
Rc1 Bd5 30. Rc3 Kg6 31. h4 Kf6 32. a3 Ke5 33. Rh8 g6 34. g4 hxg4 35. fxg4 Kd4
36. Re3 f5 37. gxf5 gxf5 38. h5 {He advances his passed pawn.} f4 39. Rh3 $1
Rb7+ 40. Kc1 Be4 41. Rd8+ Ke5 $6 42. h6 $1 c4 43. Kd2 $6 (43. Rh5+ Bf5 44. Kd2
Ke4 45. Kc3 Kf3 46. Rh2 {wins easily.}) 43... Rb2+ 44. Ke1 Rb1+ 45. Rd1 Rb7 46.
Rh5+ Kf6 $2 ({Right is} 46... Bf5) 47. Rd4 $1 Rb1+ 48. Kd2 Rb2+ 49. Kc3 Rc2+
50. Kb4 Bh7 51. Rxf4+ Kg6 52. Rh3 e5 53. Rxc4 Rxf2 54. Rc7 $1 {
Gelfand drew easily in the lengthy second game and qualified for the final.}
1-0

[Event "London Classic 5 KO"]
[Site "London"]
[Date "2013.12.15"]
[Round "2.2"]
[White "Nakamura, Hikaru"]
[Black "Kramnik, Vladimir"]
[Result "1-0"]
[WhiteElo "2786"]
[BlackElo "2793"]
[Annotator "JvR"]
[PlyCount "131"]
[EventDate "2013.12.14"]
[EventType "rapid"]
[SourceDate "1999.07.01"]

{The first game had been a long draw.} 1. d4 Nf6 2. c4 e6 3. Nc3 d5 4. cxd5
Nxd5 5. e4 Nxc3 6. bxc3 c5 7. a3 g6 8. Nf3 Bg7 9. h4 $5 Nc6 10. Be3 Qa5 11. Qd2
cxd4 12. cxd4 Qxd2+ 13. Kxd2 {The chances are equal.} O-O 14. Bb5 Bd7 15. Rhd1
$5 Rfd8 $5 16. Ke1 $2 ({Correct is} 16. Bd3) 16... Nb4 $1 17. Bxd7 Nc2+ 18. Kd2
Nxa1 19. Ba4 b5 $1 20. Bxb5 Nb3+ {Kramnik has gained an exchange for a pawn.}
21. Ke2 Rac8 22. d5 exd5 23. exd5 Nc5 24. Rc1 Ne4 25. Rxc8 Rxc8 26. Bc6 Rb8 $6
27. Bxa7 Rb2+ 28. Kf1 Ra2 29. a4 Ra1+ 30. Ke2 Nc3+ 31. Kd3 Nxa4 32. Bxa4 $6
Ra3+ $1 33. Ke2 Rxa4 34. Bb6 Kf8 35. g3 Ke8 36. Be3 Ra5 37. d6 Rd5 {
Black has achieved a won position.} 38. Bf4 f6 39. Nd2 Kd7 40. Ne4 Ke6 41. Bd2
h6 42. d7 $1 Kf7 $2 {He expects to have another decision.} ({
Kramnik had noticed} 42... Bf8 $1 43. Be3 f5 {and Black wins.}) 43. Nc5 $1 Bf8
44. Ba5 $1 Be7 45. Bb6 Rd6 46. Ba5 Rd5 47. Bb6 h5 48. Kf3 f5 49. Kg2 Rd2 50.
Ba5 Rd5 51. Bb6 f4 52. Kf3 fxg3 53. fxg3 Rd6 54. Ba5 Rd4 55. Bb6 Rd1 56. Ba5
Rd5 57. Bb6 Rd1 58. Ba5 g5 59. hxg5 Kg6 $5 60. Bb6 Bxg5 61. Ne6 Rd3+ $2 {
Many moves draw easily.} 62. Ke4 Rd6 63. Nxg5 Rxd7 $1 64. Nf3 Re7+ 65. Ne5+ $1
Kf6 $4 {Kramnik panics.} 66. Bd8 {Nakamura became the second finalist.} 1-0